000 00517nam a2200169 4500
001 112372
003 ES-MaACL
005 20230906185522.0
007 t|
008 061121s1948 sp r ||||1| spa d
100 1 _aMuñoz García, Emilio.
_984424
245 1 0 _aHistoria del buen Duque don Manuel de Zúñiga /
_cEmilio Muñoz García.
250 _a[3ª ed.].
260 _aSalamanca :
_b[s.n.],
_c1948 (
_fImp. Hijos de Francisco Núñez)
300 _a63 p. ;
_c19 cm.
852 _aES-MaACL
_j1906-F-9
_bR.29234
999 _c112372
_d112372